The interpretation of music

Furkejuvvon:
Bibliográfalaš dieđut
Váldodahkki: Dart, Thurston (Dahkki)
Materiálatiipa: Girji
Giella:eaŋgalasgiella
Almmustuhtton: Nueva York Harper and Row 1963
Fáttát:
Fáddágilkorat: Lasit fáddágilkoriid
Eai fáddágilkorat, Lasit vuosttaš fáddágilkora!

MARC

LEADER 00000nam a2200000 a 4500
001 UCN2744
003 CL-VaPUC
005 20231109105031.0
008 010531e19630000US |||||||||||||||||eng|d
999 |c 295799  |d 295797 
040 |c Pontificia Universidad Católica de Valparaíso 
082 0 4 |a 781.46 DAR 1963  |2 21 
100 0 |a Dart, Thurston  |e author  |9 458899 
245 1 4 |a The interpretation of music 
260 |a Nueva York  |b Harper and Row  |c 1963 
300 |a 192 p 
583 |a last modification  |c 20010531 00:00:00  |k Rodrigo Vera 
650 0 |a Interpretación musical  |9 458698 
650 0 |a Estilos musicales  |2 CL-VaPUC  |9 471725 
650 0 |a Música, siglos 17-18  |9 456878 
650 0 |a Música renacentista  |9 391249 
650 0 |a Música medieval  |9 391244 
942 |c BK  |2 ddc 
945 |d 20010531 00:00:00  |a crobeson 
952 |0 0  |1 0  |2 ddc  |4 0  |6 781_460000000000000_DAR_1963  |7 0  |8 A  |9 349153  |a BIBEDU  |b BIBEDU  |d 2019-11-20  |i 1186094  |o 781.46 DAR 1963  |p 1186094  |r 2022-01-17  |w 2019-11-20  |y BK  |k MUS